000
00321nam a2200109Ia 4500
008
171211s9999 xx 000 0 und d
245
_a
Naked Truth: Strip Clubs, Democracy, and a Christian Right
245
_c
Judith Lynne Hanna
260
_c
2012
650
_x
ART
856
_u
http://down.ebook777.com/064/0292735766.pdf
999
_c
348525
_d
348525